| 000 | 00938nam a22002417a 4500 | ||
|---|---|---|---|
| 005 | 20180809145524.0 | ||
| 010 | _aBAC-EN21 ENG-118682 | ||
| 020 |
_a9788130923987 _c195.00 |
||
| 035 | _aB-578260-295 | ||
| 035 | _aB-663714,B-578287 | ||
| 035 | _aEN-102214 | ||
| 037 |
_bViva Books/Ven _adpl |
||
| 037 | _bDBAD/PUB | ||
| 082 | _a658 | ||
| 100 | _aChittilappilly, Kochouseph | ||
| 245 |
_aPractical wisdom1: _cby David Freedman, Robert Pisani and Roger Purves _bin real life and management/ |
||
| 260 |
_aNew Delhi _bViva Books _c2014-15 |
||
| 270 |
_a4737/23, Ansari Road, Daryaganj _bNew Delhi _e110002 |
||
| 300 |
_axii, 113p. : _c21cm.(pbk) _bill |
||
| 942 |
_2ddc _cEN _mCHI _h658 |
||
| 999 |
_c89683 _d89683 |
||